Skills builders for efficient reading : (Record no. 9829)

MARC details
000 -LEADER
fixed length control field 00781nam a22001937a 4500
003 - CONTROL NUMBER IDENTIFIER
control field OSt
005 - DATE AND TIME OF LATEST TRANSACTION
control field 20260424023448.0
008 - FIXED-LENGTH DATA ELEMENTS--GENERAL INFORMATION
fixed length control field 260424b |||||||| |||| 00| 0 eng d
020 ## - INTERNATIONAL STANDARD BOOK NUMBER
International Standard Book Number 9789710635993
040 ## - CATALOGING SOURCE
Original cataloging agency DWCL Main Lib.
Transcribing agency OC
082 ## - DEWEY DECIMAL CLASSIFICATION NUMBER
Classification number Fil. 400 S628 2014
100 ## - MAIN ENTRY--PERSONAL NAME
Personal name Salazar, Evelyn S.
Relator term Author
245 ## - TITLE STATEMENT
Title Skills builders for efficient reading :
Remainder of title vocabulary skills, study skills, comprehension skills, literary appreciation skills, oral interpretation skills : new grade 9 /
Statement of responsibility, etc. Evelyn S. Salazar and Araceli M. Villamin
260 ## - PUBLICATION, DISTRIBUTION, ETC.
Place of publication, distribution, etc. Quezon City :
Name of publisher, distributor, etc. Phoenix Publishing House,
Date of publication, distribution, etc. c2014.
300 ## - PHYSICAL DESCRIPTION
Extent vii, 331 pages :
Other physical details illustrations ;
Dimensions 28 cm.
650 ## - SUBJECT ADDED ENTRY--TOPICAL TERM
Topical term or geographic name entry element 1. English--Study and teaching.
700 ## - ADDED ENTRY--PERSONAL NAME
Personal name I. Villamin, Araceli M.
Relator term Author
942 ## - ADDED ENTRY ELEMENTS (KOHA)
Source of classification or shelving scheme Dewey Decimal Classification
Koha item type Book-Filipiniana
Suppress in OPAC No
952 ## - LOCATION AND ITEM INFORMATION (KOHA)
--
Holdings
Withdrawn status Lost status Source of classification or shelving scheme Damaged status Not for loan Home library Current library Shelving location Date acquired Source of acquisition Total Checkouts Full call number Barcode Date last seen Copy number Price effective from Koha item type Uniform Resource Identifier
    Dewey Decimal Classification     Junior High School Library Junior High School Library Filipiniana 07/01/2016 Evaluation copy   Fil. 400 S628 2014 JHS - 18042 04/24/2026 c1 04/24/2026 BK - FIL